000 00688nam a2200181Ia 4500
008 090630s9999 xx 000 0 und d
082 _b26364
100 _a---
245 _aनिगम मराठी निबंधमाला आणि रचना इयत्ता 6 वी.
_c---
260 _bशेठ प्रकाशन.
300 _a56
600 _a---
630 _aनिगम मराठी निबंधमाला आणि रचना इयत्ता 6 वी.
655 _aइतर.
700 _a---
730 _aनिगम मराठी निबंधमाला आणि रचना इयत्ता 6 वी.
942 _cBOOK
999 _c278220
_d278220